Estadísticas para Entrenadores del Real Madrid en el siglo XXI

Haz click aquí para intentar la prueba.

Estadísticas generales

  • Esta prueba ha sido intentada 107 veces
  • La puntuación promedio es 11 de 18

Estadísticas de respuestas

AñoEntrenador% Correcto
2021 - ActCarlo Ancelotti
97%
2013 - 2015Carlo Ancelotti
97%
2019 - 2021Zinedine Zidane
97%
2016 - 2018Zinedine Zidane
97%
2010 - 2013José Mourinho
96%
2015 - 2016Rafa Benítez
88%
1999 - 2003Vicente del Bosque
83%
2018Julen Lopetegui
78%
2018 - 2019Santiago Solari
78%
2009 - 2010Manuel Pellegrini
66%
2006 - 2007Fabio Capello
59%
2007 - 2008Bernd Schuster
49%
2008 - 2009Juande Ramos
37%
2004 - 2005Vanderlei Luxemburgo
36%
2004José Antonio Camacho
29%
2003 - 2004Carlos Queiroz
18%
2005 - 2006Juan Ramón López Caro
14%
2004Mariano García Remón
9%

Distribución de puntuación

Porcentaje por número respondido

Porcentaje de gente con cada puntuación

Historial de tus puntuaciones

No has intentado esta prueba.